000 00431nam a2200145Ia 4500
008 230718s9999 xx 000 0 und d
041 _aeng
082 _a621.37
_bTHE
100 _aTheraja B.L.
_9126181
245 _aTextbook Of Electrical Technology Vol.I
_bBasic Electrical Engineering
260 _bS. Chand Pub
365 _cRs.
_b415.00
700 _aTheraja B.L. & Theraja A.K.
906 _dB:451320-Aug-2008
_cALLEDS
_b62.25
999 _c319175
_d319175